000 00797nam a22002417a 4500
001 3578
003 FISKH
005 20251002124244.0
008 240321b cb ||||| |||| 00| 0 eng d
040 _aFISK
_beng
_cFISK
_dFISK
050 _aPZ7.S77435
082 _a823.92
100 _aJohn St. Lauren
_d1966-
245 _aThe white giraffe /
_cLauren St. John
260 _aNew York :
_bScholastic,
_c2008
300 _a180 pages :
_billustrations,
_c20 cm
505 _aS
520 _aAfter a fire kills her parents, eleven-year-old Martine must leave England to live with her grandmother on a wildlife game reserve in South Africa, where she befriends a mythical white giraffe.
521 8 _a940
_bLexile
700 _aLauren St. John
942 _2ddc
_cBK
_n0
999 _c3578
_d3578